|
|
|
|
| LEADER |
00980pam a22002778a 4500 |
| 001 |
00018823 |
| 005 |
20171026081022.0 |
| 008 |
110429s2008 ||||||Viesd |
| 041 |
0 |
# |
|a Vie
|
| 082 |
1 |
4 |
|a 571.2
|b S312L
|
| 100 |
0 |
# |
|a Vũ Văn Vụ
|e chủ biên
|
| 245 |
0 |
0 |
|a Sinh lí học thưc vật
|c Vũ Văn Vụ; Vũ Thanh Tâm, Hoàng Minh Tấn
|b GT dùng cho sinh viên khoa Sinh học,trường ĐHKHTN-ĐHQG Hà Nội
|
| 250 |
# |
# |
|a tái bản lần thứ 8
|
| 260 |
# |
# |
|a H.
|b Giáo dục
|c 2008
|
| 300 |
# |
# |
|a 312 tr.
|c 27 cm.
|
| 653 |
# |
# |
|a Sinh lí học
|
| 653 |
# |
# |
|a Thực vật
|
| 700 |
0 |
# |
|a Hoàng Minh Tấn
|
| 700 |
0 |
# |
|a Vũ Thanh Tâm
|
| 852 |
# |
# |
|b Kho giáo trình
|j KGT.0010054
|
| 852 |
# |
# |
|b Kho mượn
|j KGT.0010054
|
| 852 |
# |
# |
|b Kho đọc
|j KD.0002999
|
| 852 |
# |
# |
|j KGT.0010054
|j KD.0002999
|
| 910 |
|
|
|d 29/04/2011
|
| 980 |
# |
# |
|a Trung tâm Học liệu Lê Vũ Hùng, Trường Đại học Đồng Tháp
|